Nový manažment rizika

Nová koncepcia manažmentu rizika resp. podnikového manažmentu rizika (Enterprise risk management, ERM). Podstata ERM. Pozitívna a negatívna stránka rizika. Štruktúra ERM. Požiadavky na koordinátora ERM. Súčasný stav a smery ďalšieho vývoja ERM.

Salvato in:
Dettagli Bibliografici
Autore principale: Varcholová, Tatiana
Natura: Capitolo di libro
Lingua:slovacco
Soggetti:
Tags: Aggiungi Tag
Nessun Tag, puoi essere il primo ad aggiungerne!!

MARC

LEADER 00000naa$a2200000$$$4500
001 0003307
005 20230808082315.3
041 0 |a slo 
044 |a SK 
245 1 0 |a Nový manažment rizika  |c aut. Tatiana Varcholová 
520 |a Nová koncepcia manažmentu rizika resp. podnikového manažmentu rizika (Enterprise risk management, ERM). Podstata ERM. Pozitívna a negatívna stránka rizika. Štruktúra ERM. Požiadavky na koordinátora ERM. Súčasný stav a smery ďalšieho vývoja ERM. 
610 2 0 |a manažment 
610 2 0 |a riziko 
610 2 0 |a riadenie podnikové 
610 2 0 |a podnikanie rizikové 
610 2 0 |a výhody konkurenčné 
100 1 |a Varcholová, Tatiana